Normal view
MARC view
- Healthcare Biotechnology - MS Thesis.
Entry Topical Term
001 - CONTROL NUMBER
- control field: 19254
003 - CONTROL NUMBER IDENTIFIER
- control field: NUST
005 - DATE AND TIME OF LATEST TRANSACTION
- control field: 20190816063549.0
008 - FIXED-LENGTH DATA ELEMENTS
- fixed length control field: 190816|| aca||aabn | a|a d
040 ## - CATALOGING SOURCE
- Original cataloging agency: NUST
- Transcribing agency: NUST
150 ## - HEADING--TOPICAL TERM
- Topical term or geographic name entry element: Healthcare Biotechnology - MS Thesis.
670 ## - SOURCE DATA FOUND
- Source citation: Work cat.: (NUST): Wazir, Sarah 19253, To Elucidate the Therapeutic Efficacy of Legflunomide Supplemented with Zinc on Type-II Collagen Induced Arthritic BALB/C Mice /, 2017.
